Institución educativa y empresa : dos organizaciones humanas distintas /

Bibliographic Details
Main Author: Sandoval Estupiñán, Luz Yolanda (Author)
Format: Electronic eBook
Language:Spanish
Published: Pamplona, España : Bogotá : EUNSA, Ediciones Universidad de Navarra ; Universidad de la Sabana, [2008]
Series:Colección Ciencias de la educación (Ediciones Universidad de Navarra, S.A.)
Subjects:
Online Access:Digitalia Hispánica

MARC

LEADER 00000nam a2200000Ii 4500
001 DIGEDUNAV0231
003 NyNyDIG
006 m o d
007 cr |||||||||||
008 220606s2008 sp ob 000 0 spa d
035 |a (OCoLC)1333702206 
040 |a DGITA  |b eng  |e rda  |e pn  |c DGITA 
020 |z 9788431325305 
050 1 4 |a LC1085 ebook 
100 1 |a Sandoval Estupiñán, Luz Yolanda,  |e author. 
245 1 0 |a Institución educativa y empresa :  |b dos organizaciones humanas distintas /  |c Luz Yolanda Sandoval Estupiñán. 
264 1 |a Pamplona, España :  |b EUNSA, Ediciones Universidad de Navarra ;  |a Bogotá :  |b Universidad de la Sabana,  |c [2008] 
300 |a 1 online resource. 
336 |a text  |b txt  |2 rdacontent 
337 |a computer  |b c  |2 rdamedia 
338 |a online resource  |b cr  |2 rdacarrier 
347 |a text file  |2 rdaft 
347 |b PDF 
490 1 |a Colección Ciencias de la educación 
504 |a Includes bibliographical references. 
588 0 |a Online resource; title from PDF title page (Digitalia, viewed June 6, 2022) 
650 0 |a Business and education. 
650 0 |a Comparative organization. 
650 0 |a School management and organization. 
650 0 |a Educational anthropology. 
650 0 |a Industrial organization. 
650 0 |a Business anthropology. 
655 0 |a Electronic books. 
791 2 |a Digitalia (Firm),  |e distributor. 
793 0 |g Digitalia eBook Collection:  |a Ediciones Universidad de Navarra 
776 0 8 |i Print version:  |a Sandoval Estupiñán, Luz Yolanda.  |t Institución educativa y empresa.  |b Primera edición.  |d Pamplona, España : EUNSA, Ediciones Universidad de Navarra ; Bogotá : Universidad de la Sabana, [2008]  |z 9788431325305 
830 0 |a Colección Ciencias de la educación (Ediciones Universidad de Navarra, S.A.) 
856 4 0 |3 Digitalia Hispánica  |u https://www.digitaliapublishing.com/a/51600/ 
910 |a Premium collection: 2022